Central Library, Doon University
WEBOPAC (ONLINE PUBLIC ACCESS CATALOGUE)

Lie Groups (Record no. 60162)

MARC details
000 -LEADER
fixed length control field 00505nam a22001817a 4500
005 - DATE & TIME
control field 20260130130521.0
008 - FIXED-LENGTH DATA ELEMENTS--GENERAL INFORMATION
fixed length control field 260130b |||||||| |||| 00| 0 eng d
020 ## - ISBN
International Standard Book Number 9789393330185
Price 1325.00
040 ## - CATALOGING SOURCE
Original cataloging agency Doon University
041 ## - Language
Language English
082 ## - DDC NUMBER
Classification number 512.482
Book Number POL
100 ## - MAIN ENTRY--PERSONAL NAME
Personal name Pollatsek, Harriet
245 ## - TITLE STATEMENT
Title Lie Groups
Sub Title : A Problem oriented introduction via matrix groups
260 ## - PUBLICATION, DISTRIBUTION, ETC. (IMPRINT)
Place of publication, distribution, etc Hyderabad
Name of publisher, distributor, etc University Press
Date of publication, distribution, etc 2022
300 ## - PHYSICAL DESCRIPTION
Pages 173
Other Details Vol13
650 ## - Subject
Subject Mathematics
942 ## - ADDED ENTRY ELEMENTS (KOHA)
Koha item type Books
100 ## - MAIN ENTRY--PERSONAL NAME
-- 26112
650 ## - Subject
-- 133
952 ## - LOCATION AND ITEM INFORMATION (KOHA)
-- 2026-01-30
Holdings
Withdrawn status Lost status Source of classification or shelving scheme Damaged status Not for loan Location (home branch) Sublocation or collection (holding branch) Date acquired Koha issues (times borrowed) Koha full call number Accession No. Koha date last seen Koha item type
          Doon University Doon University 30.01.2026   512.482 POL 51576 30.01.2026 Books
Contact : +91-135-2533126 (Library),+91-135-2533105 (Admin Office) , Email : doonlibrary@gmail.com

Powered by Koha